<?xml version="1.0" encoding="UTF-8"?>
<record
    xmlns:xsi="http://www.w3.org/2001/XMLSchema-instance"
    xsi:schemaLocation="http://www.loc.gov/MARC21/slim http://www.loc.gov/standards/marcxml/schema/MARC21slim.xsd"
    xmlns="http://www.loc.gov/MARC21/slim">

  <leader>00520nam a22001337a 4500</leader>
  <datafield tag="040" ind1=" " ind2=" ">
    <subfield code="c">RUA </subfield>
  </datafield>
  <datafield tag="082" ind1=" " ind2=" ">
    <subfield code="a">AVM THA 2009 B088 Or.1</subfield>
  </datafield>
  <datafield tag="100" ind1=" " ind2=" ">
    <subfield code="a">thao phearith </subfield>
  </datafield>
  <datafield tag="245" ind1=" " ind2=" ">
    <subfield code="a">Cattle raising in koh thom district,kandal province, (&#x1780;&#x17B6;&#x179A;&#x1785;&#x17B7;&#x1789;&#x17D2;&#x1785;&#x17B9;&#x1798;&#x1782;&#x17C4;&#x1793;&#x17C5;&#x179F;&#x17D2;&#x179A;&#x17BB;&#x1780;&#x1780;&#x17C4;&#x17C7;&#x1792;&#x17C6; &#x1781;&#x17C1;&#x178F;&#x17D2;&#x178F;&#x1780;&#x178E;&#x17D2;&#x178A;&#x17B6;&#x179B;)</subfield>
  </datafield>
  <datafield tag="260" ind1=" " ind2=" ">
    <subfield code="a">phnom penh </subfield>
    <subfield code="b">rua </subfield>
    <subfield code="c">2009 </subfield>
  </datafield>
  <datafield tag="300" ind1=" " ind2=" ">
    <subfield code="a">ix, 47p.</subfield>
    <subfield code="b">ill.</subfield>
    <subfield code="c">29cm.</subfield>
  </datafield>
  <datafield tag="856" ind1=" " ind2=" ">
    <subfield code="u">https://drive.google.com/file/d/15lb8sgjmrhJnTlAAJmebwQhlDVL7JA4d/view?usp=sharing</subfield>
  </datafield>
  <datafield tag="942" ind1=" " ind2=" ">
    <subfield code="c">AVM</subfield>
  </datafield>
  <datafield tag="999" ind1=" " ind2=" ">
    <subfield code="c">2332</subfield>
    <subfield code="d">2332</subfield>
  </datafield>
  <datafield tag="952" ind1=" " ind2=" ">
    <subfield code="0">0</subfield>
    <subfield code="1">0</subfield>
    <subfield code="2">ddc</subfield>
    <subfield code="4">0</subfield>
    <subfield code="6">AVM_THA_2009_000000000000000_B088_OR_1</subfield>
    <subfield code="7">0</subfield>
    <subfield code="9">10108</subfield>
    <subfield code="a">LBB</subfield>
    <subfield code="b">LBB</subfield>
    <subfield code="c">B088</subfield>
    <subfield code="d">2015-10-19</subfield>
    <subfield code="o">AVM THA 2009 B088 Or.1</subfield>
    <subfield code="p">RUA015903</subfield>
    <subfield code="r">2015-10-19</subfield>
    <subfield code="w">2015-10-19</subfield>
    <subfield code="y">AVM</subfield>
  </datafield>
  <datafield tag="952" ind1=" " ind2=" ">
    <subfield code="0">0</subfield>
    <subfield code="1">0</subfield>
    <subfield code="2">ddc</subfield>
    <subfield code="4">0</subfield>
    <subfield code="6">AVM_THA_2009_000000000000000_B088_OR_2</subfield>
    <subfield code="7">0</subfield>
    <subfield code="9">10109</subfield>
    <subfield code="a">LBB</subfield>
    <subfield code="b">LBB</subfield>
    <subfield code="c">B088</subfield>
    <subfield code="d">2015-10-19</subfield>
    <subfield code="o">AVM THA 2009 B088 Or.2</subfield>
    <subfield code="p">RUA016112</subfield>
    <subfield code="r">2015-10-19</subfield>
    <subfield code="w">2015-10-19</subfield>
    <subfield code="y">AVM</subfield>
  </datafield>
  <datafield tag="952" ind1=" " ind2=" ">
    <subfield code="0">0</subfield>
    <subfield code="1">0</subfield>
    <subfield code="2">ddc</subfield>
    <subfield code="4">0</subfield>
    <subfield code="6">AVM_THA_2009_000000000000000_B088_OR_3</subfield>
    <subfield code="7">0</subfield>
    <subfield code="9">10110</subfield>
    <subfield code="a">LBB</subfield>
    <subfield code="b">LBB</subfield>
    <subfield code="c">B088</subfield>
    <subfield code="d">2015-10-19</subfield>
    <subfield code="o">AVM THA 2009 B088 Or.3</subfield>
    <subfield code="p">RUA015924</subfield>
    <subfield code="r">2015-10-19</subfield>
    <subfield code="w">2015-10-19</subfield>
    <subfield code="y">AVM</subfield>
  </datafield>
  <datafield tag="952" ind1=" " ind2=" ">
    <subfield code="0">0</subfield>
    <subfield code="1">0</subfield>
    <subfield code="2">ddc</subfield>
    <subfield code="4">0</subfield>
    <subfield code="6">AVM_THA_2009_000000000000000_B088_OR_4</subfield>
    <subfield code="7">0</subfield>
    <subfield code="9">10111</subfield>
    <subfield code="a">LBB</subfield>
    <subfield code="b">LBB</subfield>
    <subfield code="c">B088</subfield>
    <subfield code="d">2015-10-19</subfield>
    <subfield code="o">AVM THA 2009 B088 Or.4</subfield>
    <subfield code="p">RUA016130</subfield>
    <subfield code="r">2015-10-19</subfield>
    <subfield code="w">2015-10-19</subfield>
    <subfield code="y">AVM</subfield>
  </datafield>
  <datafield tag="952" ind1=" " ind2=" ">
    <subfield code="0">0</subfield>
    <subfield code="1">0</subfield>
    <subfield code="2">ddc</subfield>
    <subfield code="4">0</subfield>
    <subfield code="6">AVM_THA_2009_000000000000000_B088_OR_5</subfield>
    <subfield code="7">0</subfield>
    <subfield code="9">10112</subfield>
    <subfield code="a">LBB</subfield>
    <subfield code="b">LBB</subfield>
    <subfield code="c">B088</subfield>
    <subfield code="d">2015-10-19</subfield>
    <subfield code="o">AVM THA 2009 B088 Or.5</subfield>
    <subfield code="p">RUA016202</subfield>
    <subfield code="r">2015-10-19</subfield>
    <subfield code="w">2015-10-19</subfield>
    <subfield code="y">AVM</subfield>
  </datafield>
  <datafield tag="952" ind1=" " ind2=" ">
    <subfield code="0">0</subfield>
    <subfield code="1">0</subfield>
    <subfield code="2">ddc</subfield>
    <subfield code="4">0</subfield>
    <subfield code="6">AVM_THA_2009_000000000000000_B088_OR_6</subfield>
    <subfield code="7">0</subfield>
    <subfield code="9">10113</subfield>
    <subfield code="a">LBB</subfield>
    <subfield code="b">LBB</subfield>
    <subfield code="c">B088</subfield>
    <subfield code="d">2015-10-19</subfield>
    <subfield code="o">AVM THA 2009 B088 Or.6</subfield>
    <subfield code="p">RUA015936</subfield>
    <subfield code="r">2015-10-19</subfield>
    <subfield code="w">2015-10-19</subfield>
    <subfield code="y">AVM</subfield>
  </datafield>
  <datafield tag="952" ind1=" " ind2=" ">
    <subfield code="0">0</subfield>
    <subfield code="1">0</subfield>
    <subfield code="2">ddc</subfield>
    <subfield code="4">0</subfield>
    <subfield code="6">AVM_THA_2009_000000000000000_B088_OR_7</subfield>
    <subfield code="7">0</subfield>
    <subfield code="9">10114</subfield>
    <subfield code="a">LBB</subfield>
    <subfield code="b">LBB</subfield>
    <subfield code="c">B088</subfield>
    <subfield code="d">2015-10-19</subfield>
    <subfield code="l">1</subfield>
    <subfield code="m">1</subfield>
    <subfield code="o">AVM THA 2009 B088 Or.7</subfield>
    <subfield code="p">RUA006889</subfield>
    <subfield code="r">2016-07-08</subfield>
    <subfield code="s">2016-06-16</subfield>
    <subfield code="w">2015-10-19</subfield>
    <subfield code="y">AVM</subfield>
  </datafield>
  <datafield tag="952" ind1=" " ind2=" ">
    <subfield code="0">0</subfield>
    <subfield code="1">0</subfield>
    <subfield code="2">ddc</subfield>
    <subfield code="4">0</subfield>
    <subfield code="6">AVM_THA_2009_000000000000000_B088_OR_8</subfield>
    <subfield code="7">0</subfield>
    <subfield code="9">10115</subfield>
    <subfield code="a">LBB</subfield>
    <subfield code="b">LBB</subfield>
    <subfield code="c">B088</subfield>
    <subfield code="d">2015-10-19</subfield>
    <subfield code="o">AVM THA 2009 B088 Or.8</subfield>
    <subfield code="p">RUA009407</subfield>
    <subfield code="r">2015-10-19</subfield>
    <subfield code="w">2015-10-19</subfield>
    <subfield code="y">AVM</subfield>
  </datafield>
  <datafield tag="952" ind1=" " ind2=" ">
    <subfield code="0">0</subfield>
    <subfield code="1">0</subfield>
    <subfield code="2">ddc</subfield>
    <subfield code="4">0</subfield>
    <subfield code="6">AVM_THA_2009_000000000000000_B088_OR_9</subfield>
    <subfield code="7">0</subfield>
    <subfield code="9">10116</subfield>
    <subfield code="a">LBB</subfield>
    <subfield code="b">LBB</subfield>
    <subfield code="c">B088</subfield>
    <subfield code="d">2015-10-19</subfield>
    <subfield code="o">AVM THA 2009 B088 Or.9</subfield>
    <subfield code="p">RUA018000</subfield>
    <subfield code="r">2015-10-19</subfield>
    <subfield code="w">2015-10-19</subfield>
    <subfield code="y">AVM</subfield>
  </datafield>
  <datafield tag="952" ind1=" " ind2=" ">
    <subfield code="0">0</subfield>
    <subfield code="1">0</subfield>
    <subfield code="2">ddc</subfield>
    <subfield code="4">0</subfield>
    <subfield code="6">AVM_THA_2009_000000000000000_B088_OR_10</subfield>
    <subfield code="7">0</subfield>
    <subfield code="9">10117</subfield>
    <subfield code="a">LBB</subfield>
    <subfield code="b">LBB</subfield>
    <subfield code="c">B088</subfield>
    <subfield code="d">2015-10-19</subfield>
    <subfield code="o">AVM THA 2009 B088 Or.10</subfield>
    <subfield code="p">RUA019719</subfield>
    <subfield code="r">2015-10-19</subfield>
    <subfield code="w">2015-10-19</subfield>
    <subfield code="y">AVM</subfield>
  </datafield>
</record>
